000 00930nam a2200265Ia 4500
003 OSt
005 20221005113550.0
006 a|||||r|||| 00| 0
007 ta
008 221004b |||||||| |||| 00| 0 pan d
020 _cINR 200.00
024 _a66584
037 _b1195, 20/02/2020, H.K. Prakashan
_cTextual
040 _aCRL
_cCRL
_bpan
041 _2pan
_apan
082 _aO153,3NSA,OT, Q9
100 _aਸੰਧੂ, ਜੀਤ ਸਿੰਘ, ਂਚ.
245 0 _aਓਦੇ੍ਵ ਤੇ ਹੁਣ
260 _aੁਬਰਨਾਲਾ
_bਤਰਕਭਾਰਤੀ ਪ੍ਰਕਾFਨ ਭਾਰਤ
_c2019
300 _a200ਪ੍ਰ0
_ccm.
650 _a ਪੰਜਾਬੀ ਕਹਾਣੀ
650 _aਪੰਜਾਬੀ ਸਾਹਿਤ
942 _hO153,3NSA,OT, Q9
_cTEXL
_2cc
999 _c1028598
_d1028598